DC Actors - Statistics

General Stats
  • This quiz has been taken 18 times
    14 since last reset
  • The average score is 32 of 74
Answer Stats
Character Actor Appearence % Correct
Batman Christian Bale The Dark Knight
88%
Black Adam Dwayne Johnson Black Adam
88%
The Flash Ezra Miller The Flash
88%
Wonder Woman Gal Gadot Wonder Woman 1984
88%
Joker Jared Leto Suicide Squad
88%
Harley Quinn Margot Robbie Suicide Squad
88%
Green Lantern Ryan Reynolds Green Lantern
88%
Catwoman Anne Hathaway The Dark Knight Rises
75%
Batman Ben Affleck Justice League
75%
Joker Heath Ledger The Dark Knight
75%
Superman Henry Cavill Man of Steel
75%
Constantine Keanu Reeves Constantine
75%
Jor-El Russell Crowe Man of Steel
75%
Deadshot Will Smith Suicide Squad
75%
Bane Tom Hardy The Dark Knight Rises
63%
Alfred Pennyworth Andy Serkis The Batman
50%
Scarecrow Cillian Murphy Batman Begins
50%
Penguin Danny DeVito Batman Returns
50%
Batman George Clooney Batman & Robin
50%
The Flash Grant Gustin The Flash (tv)
50%
Aquaman Jason Mamoa Aquaman
50%
Lex Luthor Jesse Eisenberg Batman v Superman: Dawn of Justice
50%
Joker Joaquin Phoenix Joker
50%
Peacemaker John Cena The Suicide Squad
50%
Harley Quinn Lady Gaga Joker: Folie à Deux
50%
Ra's al Ghul Liam Neeson Batman Begins
50%
Supergirl Melissa Benoist Supergirl (tv)
50%
Catwoman Michelle Pfeiffer Batman Returns
50%
Lucius Fox Morgan Freeman Batman Begins
50%
Riddler Paul Dano The Batman
50%
Batman Robert Pattinson The Batman
50%
King Shark Sylvester Stallone The Suicide Squad
50%
Poison Ivy Uma Thurman Batman & Robin
50%
Batman Val Kilmer Batman Forever
50%
Catwoman Zoë Kravitz The Batman
50%
Batman Adam West Batman: The Movie
38%
Mera Amber Heard Aquaman
38%
Mr. Freeze Arnold Schwarzenegger Batman & Robin
38%
Joker Barry Keoghan The Batman
38%
Superman Brandon Routh Superman Returns
38%
Superman Christopher Reeve Superman: The Movie
38%
Catwoman Halle Berry Catwoman
38%
Bloodsport Idris Elba The Suicide Squad
38%
Joker Jack Nicholson Batman
38%
Riddler Jim Carrey Batman Forever
38%
James Gordon J.K. Simmons Justice League
38%
Jonathan Kent Kevin Costner Man of Steel
38%
Lex Luthor Kevin Spacey Superman Returns
38%
Alfred Pennyworth Michael Caine The Dark Knight
38%
Batman Michael Keaton Batman Returns
38%
Lex Luthor Nicholas Hoult Superman
38%
Superman Tom Welling Smallville
38%
Shazam Zackary Levi Shazam!
38%
Atom Brandon Routh The Flash (tv)
25%
Iris West Candice Patton The Flash (tv)
25%
Superman David Corenswet Superman
25%
Polka-Dot Man David Dastmalchian The Suicide Squad
25%
Rick Flag Sr. Frank Grillo Peacemaker
25%
Thomas Wayne Jeffrey Dean Morgan Batman v Superman: Dawn of Justice
25%
Cyborg Ray Fisher Justice League
25%
Steel Shaquille O'Neal Steel
25%
Two-Face Tommy Lee Jones Batman Forever
25%
Superman Tyler Hoechlin Superman & Lois
25%
Captain Cold Wentworth Miller The Flash (tv)
25%
Hawk Alan Ritchson Titans
13%
Martha Wayne Lauren Cohan Batman v Superman: Dawn of Justice
13%
Trickster Mark Hamill The Flash (tv)
13%
Guy Gardner Nathan Fillion Superman
13%
T.D.K. Nathan Fillion The Suicide Squad
13%
Calendar Man Sean Gunn The Suicide Squad
13%
Reverse Flash Tom Cavanagh The Flash (tv)
13%
Heatwave Dominic Purcell The Flash (tv)
0%
Blackguard Pete Davidson The Suicide Squad
0%
Green Arrow Stephen Arnell Arrow
0%
No matching quizzes found
Score Distribution
Percent of People with Each Score
Percentile by Number Answered
Your Score History
You have not taken this quiz since the last reset